000 01099nam a2200337 a 4500
001 25546
003 CO-ViMGA
008 141112s2004 ck r 000 u spa d
020 _a9789588640099
040 _aCO-ViMGA
_bspa
_cCO-ViMGA
041 _aSPA
090 _aN PEN1
100 1 _aPennac, Daniel, 1944 -
_939031
245 1 0 _aSeñores niños /
_cDaniel Pennac ; traducción Manuel Serrat Crespo
250 _a1a ed. 1a reimpr.
260 _aBogotá :
_bMondadori,
_c2013
300 _a234 p.
490 _aLiteratura Mondadori
500 _aTítulo original : Messieurs les enfants
650 1 4 _aAUTORES FRANCESES
_91076
650 1 4 _aESTUDIANTES - NOVELA
_915647
650 1 4 _aFANTASIA - NOVELA
_939032
650 1 4 _aLITERATURA FRANCESA - SIGLO XXI
_939033
650 1 4 _aLITERATURA FRANCESA - SIGLO XXI
_939033
650 1 4 _aLITERATURA FRANCESA - SIGLO XXI
_939033
650 1 4 _aLITERATURA FRANCESA - SIGLO XXI
_939033
650 1 4 _aNIÑOS - NOVELA
_915325
650 1 4 _aNOVELA FRANCESA - SIGLO XXI
_939034
700 1 _aSerrat Crespo, Manuel
_939035
942 _2ddc
_cBK
999 _c5125
_d5125